| 000 | 00394nam a2200097Ia 4500 | ||
|---|---|---|---|
| 008 | 180130s9999 xx 000 0 und d | ||
| 245 |
_cDi Penta, M. _aCombining quantitative and qualitative methods (when mining software data) |
||
| 260 | _c2016 | ||
| 300 | _aBook title: Perspectives on data science for software engineering--Acession number C20893; pages 205-212 | ||
| 650 | _aSOFTWARE ENGINEERING | ||
| 999 |
_c354317 _d354317 |
||